| 000 | 00451nam a2200157 i 4500 | ||
|---|---|---|---|
| 001 | 76270 | ||
| 003 | ES-MaACL | ||
| 005 | 20230906172759.0 | ||
| 007 | t| | ||
| 008 | 040930s1911 fr ||||1| fre d | ||
| 100 | 1 |
_aGromaire, G. _960126 |
|
| 245 | 1 | 3 |
_aLa litterature patriotique en Allemagne _b: 1800-1815 / _cG. Gromaire. |
| 260 |
_a[S.l. : _bs.n., _c1911] ( _eChartres : _fDurand) |
||
| 300 |
_aVIII, 304 p. ; _c19 cm. |
||
| 852 |
_aES-MaACL _jF-5853 |
||
| 999 |
_c76270 _d76270 |
||